Asiago and padova observatories (Record no. 8972)

MARC details
000 -LEADER
fixed length control field 00571nam a2200169Ia 4500
003 - CONTROL NUMBER IDENTIFIER
control field IN-BaIIA
008 - FIXED-LENGTH DATA ELEMENTS--GENERAL INFORMATION
fixed length control field 211028s9999 xx 000 0 eng d
040 ## - CATALOGING SOURCE
Transcribing agency IIA Library
080 ## - UNIVERSAL DECIMAL CLASSIFICATION NUMBER
Universal Decimal Classification number 520.1(035)
Item number ASI
110 ## - MAIN ENTRY--CORPORATE NAME
Corporate name or jurisdiction name as entry element Asiago and Padova Observatories
9 (RLIN) 15078
245 #0 - TITLE STATEMENT
Title Asiago and padova observatories
Statement of responsibility, etc. Asiago and Padova Observatories
260 ## - PUBLICATION, DISTRIBUTION, ETC.
Place of publication, distribution, etc. Padova
Name of publisher, distributor, etc. Astronomical Observatory of Padova
Date of publication, distribution, etc. 1986
300 ## - PHYSICAL DESCRIPTION
Extent [various pagings.]
650 ## - SUBJECT ADDED ENTRY--TOPICAL TERM
Topical term or geographic name entry element Astronomy and astrophysics thesaurus
650 ## - SUBJECT ADDED ENTRY--TOPICAL TERM
Topical term or geographic name entry element Handbooks - observatory
9 (RLIN) 15079
942 ## - ADDED ENTRY ELEMENTS (KOHA)
Koha item type Books
Holdings
Withdrawn status Lost status Damaged status Not for loan Home library Current library Shelving location Date acquired Total Checkouts Full call number Barcode Date last seen Price effective from Koha item type
        IIA Library-Bangalore IIA Library-Bangalore General Stacks 17/02/1987   520.1(035)/ ASI 9859 05/11/2021 17/02/1987 Books

Powered by Koha